বাঙলা একাডেমী পত্রিকা : দশম বর্ষ বৈশাখ-চৈত্র ১৩৭৩ / (Record no. 7435)
[ view plain ]
| 000 -LEADER | |
|---|---|
| fixed length control field | 00763nam a2200217 a 4500 |
| 001 - CONTROL NUMBER | |
| JCCL Control Number | 7435 |
| 003 - CONTROL NUMBER IDENTIFIER | |
| JCCL marc code | BD-JhCC |
| 005 - DATE AND TIME OF LATEST TRANSACTION | |
| control field | 20180212105710.0 |
| 008 - FIXED-LENGTH DATA ELEMENTS--GENERAL INFORMATION | |
| fixed length control field | 171231s1373 bg |||| ||a| 000 0 ben d |
| 035 ## - SYSTEM CONTROL NUMBER | |
| system control number | (BD-JhCC)7435 |
| 040 ## - CATALOGING SOURCE | |
| Original cataloging agency | BD-JhCC |
| Modifying agency | BD-JhCC |
| 041 ## - LANGUAGE CODE | |
| Language code of Book | ben |
| 082 ## - DEWEY DECIMAL CLASSIFICATION NUMBER | |
| Classification number | 079.95492 |
| Author mark and Year | BAN 1373 |
| 245 ## - TITLE STATEMENT | |
| Title | বাঙলা একাডেমী পত্রিকা : দশম বর্ষ বৈশাখ-চৈত্র ১৩৭৩ / |
| Statement of responsibility, etc | সৈয়দ আলী আহসান (সম্পদিত) |
| 260 ## - PUBLICATION, DISTRIBUTION, ETC. (IMPRINT) | |
| Place of publication, distribution, etc | ঢাকা : |
| Name of publisher, distributor, etc | বাঙলা একাডেমী, |
| Date of publication, distribution, etc | 1373. |
| 300 ## - PHYSICAL DESCRIPTION | |
| Pagination | 142 p. : |
| Dimensions | 24 cm. |
| 650 ## - SUBJECT ADDED ENTRY--TOPICAL TERM | |
| Topical term or geographic name as entry element | NewsPaper |
| General subdivision | Preiodicals |
| 700 ## - ADDED ENTRY--PERSONAL NAME | |
| Personal name | আহসান, সৈয়দ আলী |
| 942 ## - ADDED ENTRY ELEMENTS (KOHA) | |
| Source of classification or shelving scheme | Dewey Decimal Classification |
| Koha item type | Books |
| Source of classification or shelving scheme | Damaged status | Not for loan | Home library | Current library | Shelving location | Date of accession | Total Checkouts | Full call number | Barcode | Date last seen | Copy number | Koha item type |
|---|---|---|---|---|---|---|---|---|---|---|---|---|
| Dewey Decimal Classification | JCC Rouf Library | JCC Rouf Library | General Stacks | 02/10/2018 | 079.95492 BAN 1373 | 9954 | 02/10/2018 | C-1 | Books |